"Пушкин-Абай и казахская литература" : (Record no. 254945)
[ view plain ]
| 000 -LEADER | |
|---|---|
| fixed length control field | 01539nam a2200277 a 4500 |
| 001 - CONTROL NUMBER | |
| control field | 000687287 |
| 003 - CONTROL NUMBER IDENTIFIER | |
| control field | AM-YeHGA |
| 005 - DATE AND TIME OF LATEST TRANSACTION | |
| control field | 20250618073630.0 |
| 008 - FIXED-LENGTH DATA ELEMENTS--GENERAL INFORMATION | |
| fixed length control field | 091022s2006 kz r 000 0 rus d |
| 020 ## - INTERNATIONAL STANDARD BOOK NUMBER | |
| International Standard Book Number | 9965975175 |
| 040 ## - CATALOGING SOURCE | |
| Original cataloging agency | AM-YeHGA |
| 041 0# - LANGUAGE CODE | |
| Language code of text/sound track or separate title | rus |
| 090 ## - LOCALLY ASSIGNED LC-TYPE CALL NUMBER (OCLC); LOCAL CALL NUMBER (RLIN) | |
| -- | 256549 |
| 245 01 - TITLE STATEMENT | |
| Title | "Пушкин-Абай и казахская литература" : |
| Remainder of title | Материалы Международной научной конференции / |
| Statement of responsibility, etc. | М-во. образования и науки Респ. Казахстан. Ин-т лит. и искусства им. М.О. Ауэзова. РАН. Ин-т мировой литературы им. А.М. Горького; Редкол. : С.А. Каскабасов и др. |
| 246 15 - VARYING FORM OF TITLE | |
| Title proper/short title | "Пушкин-Абай жэне казак эдебиетi" |
| Remainder of title | Халыкаралык гылыми конференцияным материалдары |
| 260 ## - PUBLICATION, DISTRIBUTION, ETC. | |
| Place of publication, distribution, etc. | Алматы : |
| Name of publisher, distributor, etc. | Unique Service, |
| Date of publication, distribution, etc. | 2006. |
| 300 ## - PHYSICAL DESCRIPTION | |
| Extent | 592 c. |
| 600 14 - SUBJECT ADDED ENTRY--PERSONAL NAME | |
| Personal name | Պուշկին, Ալեքսանդր Սերգեևիչ, |
| Dates associated with a name | 1799-1837 |
| 9 (RLIN) | 6684 |
| 600 14 - SUBJECT ADDED ENTRY--PERSONAL NAME | |
| Personal name | Абай |
| 653 0# - INDEX TERM--UNCONTROLLED | |
| Uncontrolled term | Казазская и русская литературы - Взаимосвязь |
| 700 1# - ADDED ENTRY--PERSONAL NAME | |
| Personal name | Каскабасов, С.А. |
| Relator term | ред. |
| Relationship | edt |
| 710 2# - ADDED ENTRY--CORPORATE NAME | |
| Corporate name or jurisdiction name as entry element | Институт литературы и искусства им. М.О. Ауэзова |
| 710 2# - ADDED ENTRY--CORPORATE NAME | |
| Corporate name or jurisdiction name as entry element | Российская Академия Наук |
| 710 2# - ADDED ENTRY--CORPORATE NAME | |
| Corporate name or jurisdiction name as entry element | Институт мировой литературы им. А.М.Горького РАН |
| 942 ## - ADDED ENTRY ELEMENTS (KOHA) | |
| Source of classification or shelving scheme | Universal Decimal Classification |
| Koha item type | Գրքեր / Books |
| Withdrawn status | Lost status | Damaged status | Not for loan | Collection | Home library | Current library | Date acquired | Shelving control number | Total checkouts | Full call number | Barcode | Date last seen | Price effective from | Koha item type | Public note |
|---|---|---|---|---|---|---|---|---|---|---|---|---|---|---|---|
| General | Fundamental Scientific Library | Fundamental Scientific Library | 29/12/2016 | PII/654551 | FL0124854 | 29/12/2016 | 29/12/2016 | Գրքեր / Books | 30 Days Loan |
ՀՀ Գիտությունների ազգային ակադեմիայի հիմնարար գիտական գրադարան = Fundamental Scientific Library of NAS RA
All site content, except where otherwise noted, is licensed under a